• 首页
  • 本馆介绍
  • 公告通知
  • 最新文献
  • 馆藏检索
  • 电子资源
  • 读者导购
  • 参考咨询
  • 我的图书馆
  • 登录
  • 详细信息显示
  • 放入我的书架
  • 预约/预借图书
  • 作者相关作品
  • 分类相关作品
  • 丛书相关作品
  • 出版社相关作品

书目信息

  • 表格格式
  • 工作单格式
  • 卡片格式
题名:
点击世界顶级经济学家
    
 
作者: 陈琳 编著
分册:  
出版信息: 北京   企业管理出版社  2003
页数: 362页
开本: 23cm
丛书名:
单 册:
中图分类: K815.31=6
科图分类:
主题词: 经济学家--生平事迹--世界--现代 , 经济学家
电子资源:
ISBN: 7-80147-782-0
000 00822nam0 2200241 450
001 1262812078
005 20121006172744.87
010    @a7-80147-782-0@dCNY48.00
100    @a20030102d2003 em y0chiy0110 ea
101 0  @achi
102    @aCN@b110000
105    @aa z 000yd
200 1  @a点击世界顶级经济学家@Adian ji shi jie ding ji jing ji xue jia@f陈琳编著
210    @a北京@c企业管理出版社@d2003
215    @a362页@c照片@d23cm
330    @a本书用较为通俗的语言,介绍了20位当代、尤其是20世纪90年代以来最受欢迎、最受瞩目的经济学家的个人生平、理论著作及他们对经济学的贡献。
510 1  @aBrowse Global Top Economists@zeng
606 0  @a经济学家@x生平事迹@y世界@z现代
606 0  @a经济学家
690    @aK815.31=6@v4
701  0 @a陈琳@Achen lin@4编著
801  0 @aCN@bNLC@c20101222
905    @a10447@dK815.31=6@eJY82
    
    点击世界顶级经济学家/陈琳编著.-北京:企业管理出版社,2003
    362页:照片;23cm
    
    
    ISBN 7-80147-782-0:CNY48.00
    本书用较为通俗的语言,介绍了20位当代、尤其是20世纪90年代以来最受欢迎、最受瞩目的经济学家的个人生平、理论著作及他们对经济学的贡献。
●
相关链接 在E读中查询图书 在五车中查询图书 在当当中查询图书 在豆瓣中查询图书


正题名:点击世界顶级经济学家     索取号:K815.31=6/JY82         预约/预借

序号 登录号 条形码 馆藏地/架位号 状态 备注
1 7832410   278324109   学院路分馆/ [索取号:K815.31=6/JY82] 在馆    
2 7832411   278324118   学院路分馆/ [索取号:K815.31=6/JY82] 在馆    
唐山师范学院图书馆 欢迎您!
大连网信软件有限公司© 版权所有